[Event "SRI-chB"]
[Site "Narahenpita"]
[Date "2017.05.20"]
[Round "7"]
[White "Yatawara, OLB"]
[Black "De Silva, Rasheen"]
[Result "0-1"]
[WhiteElo "1574"]
[BlackElo "1788"]
[PlyCount "41"]
[EventDate "2017.05.12"]
[EventType "swiss"]
[EventRounds "10"]
[EventCountry "SRI"]
[SourceTitle "CBM 178 Extra"]
[Source "ChessBase"]
[SourceDate "2017.06.22"]
[SourceVersion "1"]
[SourceVersionDate "2017.06.22"]
[SourceQuality "1"]

1. d4 d5 2. c4 e6 3. Nc3 Nf6 4. cxd5 Nxd5 5. e4 Nxc3 6. bxc3 b6 7. Be3 Bb7 8. Bd3 Nd7 9. Nf3 Be7 10. 0-0 0-0 11. e5 c5 12. Nd2 cxd4 13. cxd4 Nxe5 14. Bxh7+ Kxh7 15. Qh5+ Kg8 16. dxe5 Qd5 17. Nf3 Rfd8 18. Qh3 Qd3 19. Rab1 Rd7 20. Qg4 Rad8 21. h3 0-1

[Event "SRI-chB"]
[Site "Narahenpita"]
[Date "2017.05.13"]
[Round "5"]
[White "Haputhanthri, HLNB"]
[Black "De Silva, Rasheen"]
[Result "1/2-1/2"]
[WhiteElo "1618"]
[BlackElo "1788"]
[PlyCount "119"]
[EventDate "2017.05.12"]
[EventType "swiss"]
[EventRounds "10"]
[EventCountry "SRI"]
[SourceTitle "CBM 178 Extra"]
[Source "ChessBase"]
[SourceDate "2017.06.22"]
[SourceVersion "1"]
[SourceVersionDate "2017.06.22"]
[SourceQuality "1"]

1. d4 d5 2. c4 e6 3. Nf3 Nf6 4. Nc3 Be7 5. Bg5 b6 6. e3 Bb7 7. Be2 0-0 8. 0-0 Nbd7 9. cxd5 Nxd5 10. Bxe7 Qxe7 11. Nxd5 Bxd5 12. Qd2 Rfd8 13. b4 c5 14. bxc5 bxc5 15. dxc5 Qxc5 16. Rfc1 Qa3 17. Qc3 Qxc3 18. Rxc3 Rac8 19. Rac1 Rxc3 20. Rxc3 Rb8 21. h3 Bxa2 22. Rc7 Nb6 23. Rxa7 Bd5 24. Ne5 f6 25. Nd7 Nxd7 26. Rxd7 Rb1+ 27. Kh2 Rb2 28. Bh5 g6 29. Bf3 Bxf3 30. gxf3 Rxf2+ 31. Kg3 Re2 32. e4 f5 33. exf5 exf5 34. Ra7 Re6 35. Rb7 Rf6 36. h4 Rf7 37. Rb6 Kg7 38. Rb4 Kh6 39. Ra4 Rc7 40. Rb4 Kh5 41. Ra4 Rc1 42. Rb4 Rg1+ 43. Kh2 Rc1 44. Kg3 Rc3 45. Ra4 h6 46. Rb4 g5 47. hxg5 hxg5 48. Rb5 f4+ 49. Kg2 Kh4 50. Rb2 g4 51. fxg4 Kxg4 52. Ra2 Rh3 53. Ra8 f3+ 54. Kf2 Rh2+ 55. Kg1 Rd2 56. Rg8+ Kf4 57. Rf8+ Kg3 58. Rg8+ Kf4 59. Rf8+ Ke3 60. Re8+ 1/2-1/2

[Event "Ambalangoda Dhamso op 6th"]
[Site "Ambalangoda"]
[Date "2016.05.01"]
[Round "5"]
[White "De Silva, Rasheen"]
[Black "Sanali, WA Nathasha"]
[Result "1/2-1/2"]
[WhiteElo "1242"]
[BlackElo "1710"]
[PlyCount "120"]
[EventDate "2016.04.29"]
[EventType "swiss"]
[EventRounds "9"]
[EventCountry "SRI"]
[SourceTitle "EXT 2017"]
[Source "ChessBase"]
[SourceDate "2016.10.25"]
[SourceVersion "1"]
[SourceVersionDate "2016.10.25"]
[SourceQuality "1"]

1. e4 d5 2. exd5 Qxd5 3. d4 c6 4. c4 Qa5+ 5. Nc3 Nf6 6. Bd3 Bg4 7. Nf3 e6 8. a3 Nbd7 9. Bf4 Nh5 10. Be3 Be7 11. 0-0 Nhf6 12. h3 Bh5 13. Be2 Bg6 14. Bf4 Ne4 15. Nxe4 Bxe4 16. b4 Qd8 17. Qb3 0-0 18. Rac1 Nf6 19. Qe3 h6 20. Rcd1 Bd6 21. Bxd6 Qxd6 22. Bd3 Bxf3 23. Qxf3 Rad8 24. Bb1 Rd7 25. Rd2 Rfd8 26. Rfd1 Qc7 27. Ba2 Qb6 28. Rd3 Qc7 29. d5 e5 30. R3d2 cxd5 31. cxd5 Rd6 32. Qe3 Nd7 33. Bb3 f6 34. Rc2 Qb8 35. Rdc1 Nb6 36. Qf3 Kf8 37. Rd1 R8d7 38. Rcd2 Qe8 39. Rc2 Qf7 40. Rc5 Rd8 41. a4 Nc8 42. Rc2 Qg6 43. Rc7 R6d7 44. Rxd7 Rxd7 45. Kf1 Nd6 46. Re1 Qf5 47. Qe3 Rc7 48. g4 Qc8 49. Qd2 Rc3 50. Re3 Rc1+ 51. Re1 Rc3 52. Re3 Rc7 53. Re2 h5 54. f3 e4 55. Qf4 Rc1+ 56. Kg2 exf3+ 57. Kxf3 Rf1+ 58. Rf2 Qc3+ 59. Kg2 Rxf2+ 60. Kxf2 Qb2+ 1/2-1/2

[Event "SRI-chB"]
[Site "Malabe"]
[Date "2015.06.20"]
[Round "4"]
[White "De Silva, Rasheen"]
[Black "Ellawela, Suveen"]
[Result "1/2-1/2"]
[WhiteElo "1788"]
[BlackElo "1659"]
[PlyCount "42"]
[EventDate "2015.06.19"]
[EventType "swiss"]
[EventRounds "10"]
[EventCountry "SRI"]
[SourceTitle "CBM 167 Extra"]
[Source "ChessBase"]
[SourceDate "2015.09.14"]
[SourceVersion "1"]
[SourceVersionDate "2015.09.14"]
[SourceQuality "1"]

1. c4 e5 2. Nc3 Nc6 3. e3 d6 4. d4 g6 5. Nf3 Bg7 6. Be2 f5 7. 0-0 e4 8. Ne1 Nf6 9. f4 0-0 10. Rb1 h6 11. g3 g5 12. Ng2 Ne7 13. b4 Ng6 14. c5 d5 15. b5 g4 16. Ba3 Rf7 17. Na4 Bf8 18. Qb3 h5 19. Kf2 Rh7 20. Rh1 h4 21. Nc3 Be6 1/2-1/2

[Event "Ambalangoda Dhamso op 4th"]
[Site "Ambalangoda"]
[Date "2014.05.03"]
[Round "7"]
[White "De Silva, Rasheen"]
[Black "Ranmith, Wathudura Sanura"]
[Result "1/2-1/2"]
[WhiteElo "1894"]
[BlackElo "1689"]
[PlyCount "82"]
[EventDate "2014.04.30"]
[EventType "swiss"]
[EventRounds "9"]
[EventCountry "SRI"]
[SourceTitle "CBM 160 Extra"]
[Source "ChessBase"]
[SourceDate "2014.07.01"]
[SourceVersion "1"]
[SourceVersionDate "2014.07.01"]
[SourceQuality "1"]

1. d4 Nf6 2. c4 e6 3. Nf3 b6 4. a3 Bb7 5. Nc3 d5 6. g3 c5 7. cxd5 Nxd5 8. Bg2 Nxc3 9. bxc3 cxd4 10. cxd4 Be7 11. Qc2 Nd7 12. 0-0 Nf6 13. Ne5 Bxg2 14. Qa4+ Kf8 15. Kxg2 Qd5+ 16. f3 b5 17. Qd1 Nd7 18. e4 Qb7 19. Bf4 Nxe5 20. Bxe5 f6 21. Bf4 Kf7 22. Qb3 Rhd8 23. Rfd1 Bd6 24. Be3 Rac8 25. d5 e5 26. Rac1 a6 27. Rc6 Ke7 28. Rdc1 Rxc6 29. Rxc6 Rc8 30. Rxc8 Qxc8 31. Bd2 Qc7 32. Bb4 Ke8 33. Bxd6 Qxd6 34. Kf2 Qb6+ 35. Ke2 Qc5 36. Qd3 Qc1 37. Qb3 Qc5 38. Qd3 Qc1 39. Qb3 Qc5 40. Qb4 Qc2+ 41. Qd2 Qc4+ 1/2-1/2